Industrial Technology in the 1980s and 1990s <The> Contribution of UNIDO to the Vienna Programme of Action on Science and Technology for Development
Enregistré dans:
| Format: | Livre |
|---|---|
| Langue: | anglais |
| Publié: |
[S.l.]
UNIDO
1989
|
| Tags: |
Pas de tags, Soyez le premier à ajouter un tag!
|
MARC
| LEADER | 00000nam a2200000 4500 | ||
|---|---|---|---|
| 001 | c036292 | ||
| 005 | 20250707091138.8 | ||
| 041 | 0 | |a eng | |
| 044 | |a KW | ||
| 245 | 1 | 0 | |a Industrial Technology in the 1980s and 1990s |b <The> Contribution of UNIDO to the Vienna Programme of Action on Science and Technology for Development |
| 264 | 1 | |a [S.l.] |b UNIDO |c 1989 | |
| 300 | |a 53 s. | ||